| 000 | 01315nam a2200385 i 4500 | ||
|---|---|---|---|
| 001 | 196375 | ||
| 003 | ES-MaACL | ||
| 005 | 20250814045122.0 | ||
| 007 | ta | ||
| 008 | 240919s2010 nyua 001 0 eng | ||
| 020 |
_a9780374239664 _q(hardcover) |
||
| 035 | _a(OCoLC)ocn429024672 | ||
| 035 | _a15870869 | ||
| 040 |
_aDLC _cDLC _dBTCTA _dJST _dC#P _dYDXCP _dBWX _dCDX _dVP@ _dABG _dMOF _dNLGGC _dDLC _dES-MaACL _bspa |
||
| 050 | 0 | 0 |
_aQC174.12 _b.Z4513 2010 |
| 082 | 0 | 0 |
_a530.12 _222 |
| 084 |
_a33.23 _2bcl |
||
| 100 |
_aZeilinger, Anton _9238829 |
||
| 245 | 1 | 0 |
_aDance of the photons : _bfrom Einstein to quantum teleportation / _cAnton Zeilinger. |
| 250 | _a1st ed. | ||
| 260 |
_aNew York : _bFarrar, Straus and Giroux, _c2010. |
||
| 300 |
_a305 p. ; _c24 cm. |
||
| 336 |
_2rdacontent _atexto |
||
| 337 |
_2rdamedia _asin mediación |
||
| 338 |
_2rdacarrier _avolumen |
||
| 504 | _aIndice. | ||
| 650 | 7 |
_aMecánica cuántica _2embne _914872 |
|
| 852 |
_aES-MaACL _cDEPO1 _hDonación: José Manuel Duarte Cendán _9204073 _jA-15414 |
||
| 903 |
_9238529 _aDuarte Cendán, José Manuel _q1 _ednr |
||
| 942 |
_n0 _cMONOGRAFIA |
||
| 999 |
_c196375 _d196375 |
||